[Event "Mumbai Wealth U13 op 5th"]
[Site "Mumbai"]
[Date "2020.01.06"]
[Round "8"]
[White "Pingale, Shivraj Jaywant"]
[Black "Tejes, Suresh Kumar"]
[Result "1-0"]
[WhiteElo "1742"]
[BlackElo "2067"]
[PlyCount "75"]
[EventDate "2019.12.30"]
[EventType "swiss"]
[EventRounds "9"]
[EventCountry "IND"]
[SourceTitle "CBM 194 Extra"]
[Source "ChessBase"]
[SourceDate "2020.03.31"]
[SourceVersion "1"]
[SourceVersionDate "2020.03.31"]
[SourceQuality "1"]

1. e4 b6 2. d4 Bb7 3. Bd3 e6 4. f4 Nf6 5. Nd2 c5 6. c3 Qc7 7. Ne2 cxd4 8. Nxd4 Bc5 9. 0-0 Nc6 10. N2f3 Bxd4+ 11. cxd4 Nb4 12. e5 Nxd3 13. Qxd3 Nd5 14. Bd2 Bc6 15. Rac1 Qb7 16. f5 h6 17. Nh4 0-0-0 18. fxe6 fxe6 19. Ng6 Rhg8 20. b4 b5 21. a4 Kb8 22. Rc5 a6 23. Ra1 bxa4 24. b5 Bxb5 25. Rxb5 axb5 26. Rb1 b4 27. Bxb4 Nxb4 28. Qa3 Kc7 29. Rxb4 Qc6 30. Ne7 Qc2 31. Nxg8 Qd1+ 32. Kf2 Rf8+ 33. Nf6 Qd2+ 34. Kg3 Qg5+ 35. Ng4 Qf4+ 36. Kh3 Kd8 37. Rb8+ Kc7 38. Qd6# 1-0

[Event "Mumbai Wealth U13 op 5th"]
[Site "Mumbai"]
[Date "2020.01.02"]
[Round "4"]
[White "Tejes, Suresh Kumar"]
[Black "Rout, Yashita"]
[Result "1-0"]
[WhiteElo "2067"]
[BlackElo "1329"]
[PlyCount "45"]
[EventDate "2019.12.30"]
[EventType "swiss"]
[EventRounds "9"]
[EventCountry "IND"]
[SourceTitle "CBM 194 Extra"]
[Source "ChessBase"]
[SourceDate "2020.03.31"]
[SourceVersion "1"]
[SourceVersionDate "2020.03.31"]
[SourceQuality "1"]

1. e4 e5 2. Nf3 Nc6 3. Bc4 Bc5 4. c3 Nf6 5. d3 a6 6. 0-0 0-0 7. Nbd2 d6 8. h3 Ba7 9. Bb3 Ne7 10. Re1 Ng6 11. Nf1 Nh5 12. d4 Qe8 13. Be3 Nhf4 14. Ng3 Kh8 15. Nf5 Ne6 16. g3 f6 17. Kh2 Ne7 18. N3h4 Nxf5 19. exf5 Nd8 20. Qg4 g5 21. Bxg5 fxg5 22. Qxg5 Qd7 23. Qh6 1-0

[Event "Mumbai Wealth U13 op 5th"]
[Site "Mumbai"]
[Date "2019.12.30"]
[Round "1"]
[White "Mota, Khant"]
[Black "Tejes, Suresh Kumar"]
[Result "1-0"]
[WhiteElo "1120"]
[BlackElo "2067"]
[PlyCount "121"]
[EventDate "2019.12.30"]
[EventType "swiss"]
[EventRounds "9"]
[EventCountry "IND"]
[SourceTitle "CBM 194 Extra"]
[Source "ChessBase"]
[SourceDate "2020.03.31"]
[SourceVersion "1"]
[SourceVersionDate "2020.03.31"]
[SourceQuality "1"]

1. e4 e5 2. Nf3 Nc6 3. Bc4 Bc5 4. 0-0 Nf6 5. d3 0-0 6. c3 a5 7. Nbd2 d6 8. h3 h6 9. Re1 Be6 10. Bb3 Qd7 11. Nf1 Bxb3 12. axb3 Rfe8 13. Ng3 d5 14. exd5 Qxd5 15. Be3 Bb6 16. Bxb6 cxb6 17. Nf5 Qd7 18. Ne3 Rad8 19. Nc4 Qc7 20. Qe2 e4 21. dxe4 Nxe4 22. Ne3 Nc5 23. Qc4 Re4 24. Qb5 Na7 25. Qe2 Nxb3 26. Rad1 Rde8 27. Qc2 Nc5 28. Nd2 R4e6 29. Nf3 Re4 30. Nd2 R4e6 31. Nf3 Qf4 32. Rd4 Re4 33. Red1 Nc6 34. Rd5 Qc7 35. Nd2 R4e5 36. Ndc4 R5e6 37. Nd6 Rd8 38. Nb5 Qb8 39. Rxd8+ Nxd8 40. b4 Ne4 41. Nd5 Nc6 42. Nbc7 Nf6 43. Nxe6 Nxd5 44. Rxd5 fxe6 45. Rd7 Qc8 46. Qd2 axb4 47. cxb4 b5 48. Qd6 e5 49. Qe6+ Kh8 50. Qf7 Qg8 51. Qxg8+ Kxg8 52. Rxb7 Nd4 53. Kf1 Kf8 54. Ke1 Nc2+ 55. Kd2 Nxb4 56. Rxb5 Nc6 57. Rc5 Ne7 58. Rxe5 Kf7 59. Ke3 Kf6 60. Ra5 Nf5+ 61. Ke4 1-0

[Event "Barcelona Sant Marti op 21st"]
[Site "Barcelona"]
[Date "2019.07.18"]
[Round "6"]
[White "Tejes, Suresh Kumar"]
[Black "Diaz Del Valle, Laura Beatriz"]
[Result "1/2-1/2"]
[WhiteElo "1771"]
[BlackElo "2063"]
[PlyCount "83"]
[EventDate "2019.07.13"]
[EventType "swiss"]
[EventRounds "9"]
[EventCountry "ESP"]
[SourceTitle "EXT 2020"]
[Source "ChessBase"]
[SourceDate "2019.10.17"]
[SourceVersion "1"]
[SourceVersionDate "2019.10.17"]
[SourceQuality "1"]

1. e4 g6 2. d4 Bg7 3. Nc3 c5 4. Nf3 cxd4 5. Nxd4 Nc6 6. Be3 d6 7. Be2 Nf6 8. Qd2 Ng4 9. Bxg4 Bxg4 10. f3 Bd7 11. 0-0 0-0 12. Rad1 Ne5 13. b3 Rc8 14. Nce2 b5 15. h3 a6 16. f4 Nc6 17. Nf3 Nb8 18. Bd4 Bxd4+ 19. Nexd4 Qb6 20. Kh1 Nc6 21. e5 Nxd4 22. Qxd4 Qxd4 23. Rxd4 Rxc2 24. exd6 exd6 25. Rxd6 Bc8 26. Rd2 Rxd2 27. Nxd2 Rd8 28. Rf2 Bb7 29. Kh2 Kg7 30. Nf3 f6 31. Kg3 Kf7 32. Rc2 Rc8 33. Rxc8 Bxc8 34. a3 Ke6 35. Kf2 Kd5 36. Ke3 Kc5 37. Nd2 b4 38. Ne4+ Kb5 39. a4+ Kc6 40. Kd4 Be6 41. Nd2 h5 42. h4 1/2-1/2

[Event "Barbera del Valles op 42nd"]
[Site "Barbera del Valles"]
[Date "2019.07.08"]
[Round "5"]
[White "Fabregas Fontanet, Antonio"]
[Black "Tejes, Suresh Kumar"]
[Result "0-1"]
[WhiteElo "1942"]
[BlackElo "1771"]
[PlyCount "150"]
[EventDate "2019.07.04"]
[EventType "swiss"]
[EventRounds "9"]
[EventCountry "ESP"]
[SourceTitle "CBM 191 Extra"]
[Source "ChessBase"]
[SourceDate "2019.09.30"]
[SourceVersion "1"]
[SourceVersionDate "2019.09.30"]
[SourceQuality "1"]

1. e4 e5 2. Nf3 Nc6 3. Bb5 a6 4. Ba4 Nf6 5. d3 d6 6. h3 g6 7. Bg5 Bg7 8. Qd2 0-0 9. Nc3 b5 10. Bb3 Na5 11. 0-0 c6 12. Ne2 Qc7 13. Ng3 Re8 14. Bh6 d5 15. Bxg7 Kxg7 16. exd5 cxd5 17. Rfe1 Bb7 18. d4 e4 19. Ne5 Nc4 20. Bxc4 bxc4 21. Nf5+ Kh8 22. Nd6 Re7 23. Qf4 Nh5 24. Ndxf7+ Kg8 25. Nh6+ Kh8 26. Qg5 Rf8 27. c3 Nf4 28. Nhg4 Rf5 29. Qh6 Re6 30. Ne3 Rff6 31. N5g4 Rf7 32. Kh1 Qe7 33. h4 Rd6 34. Rf1 Bc8 35. f3 Nh5 36. Ne5 Qxh4+ 37. Kg1 Rf4 38. Nxd5 Rf5 39. Ne7 Qxe7 40. fxe4 Rff6 41. Nxc4 Rxf1+ 42. Rxf1 Rf6 43. Re1 Be6 44. Ne5 Bxa2 45. Nf3 Nf4 46. e5 Rf8 47. Re4 Ne6 48. Nh4 Qf7 49. Rg4 Rg8 50. Rg3 Bd5 51. Nf3 Nf4 52. Rg4 Ne6 53. Nd2 Rf8 54. Kh2 Nf4 55. Qg5 Ne6 56. Qe3 Qf5 57. Rg3 Nf4 58. Nf3 Nh5 59. Rg5 Qc2 60. Nh4 Rf2 61. e6 Re2 62. Nxg6+ hxg6 63. Qh3 Bxe6 64. Qf3 Bg8 65. Qf8 Kh7 66. Qd6 Qe4 67. Qd7+ Qe7 68. Qg4 Qd6+ 69. Kg1 Rxb2 70. Qe4 Kh6 71. Re5 Qf6 72. Qe3+ Kh7 73. Re7+ Bf7 74. d5 Rb1+ 75. Kh2 Qh4+ 0-1

[Event "Barbera del Valles op 42nd"]
[Site "Barbera del Valles"]
[Date "2019.07.06"]
[Round "3"]
[White "Tejes, Suresh Kumar"]
[Black "Gonzalez Cuervo, Eloy"]
[Result "0-1"]
[WhiteElo "1771"]
[BlackElo "2049"]
[PlyCount "70"]
[EventDate "2019.07.04"]
[EventType "swiss"]
[EventRounds "9"]
[EventCountry "ESP"]
[SourceTitle "CBM 191 Extra"]
[Source "ChessBase"]
[SourceDate "2019.09.30"]
[SourceVersion "1"]
[SourceVersionDate "2019.09.30"]
[SourceQuality "1"]

1. e4 c5 2. Nf3 Nc6 3. Bb5 e6 4. 0-0 Qc7 5. d4 cxd4 6. Nxd4 Nf6 7. Nc3 Nxd4 8. Qxd4 Bd6 9. h3 h6 10. Qd3 g5 11. Ba4 a6 12. Be3 Nh5 13. Ne2 b5 14. Bb3 Bb7 15. Rfd1 Be7 16. Bd4 Rg8 17. c4 b4 18. Ba4 g4 19. hxg4 Rxg4 20. Be5 Qxe5 21. Qxd7+ Kf8 22. Qxb7 Rb8 23. Qxa6 Qxe4 24. Bc6 Qxe2 25. Qa7 Qe5 26. Re1 Qd6 27. Rad1 Qxc6 28. Qxb8+ Kg7 29. Qh2 Bc5 30. Qh3 Rg3 31. Qh2 Qf3 32. Rf1 Nf4 33. Kh1 Rxg2 34. Rg1 Rxg1+ 35. Kxg1 Qxd1# 0-1

[Event "Platja d'Aro op-A 7th"]
[Site "Platja d'Aro"]
[Date "2019.07.01"]
[Round "9"]
[White "Tejes, Suresh Kumar"]
[Black "Lazaro Pujol, Abel"]
[Result "0-1"]
[WhiteElo "1555"]
[BlackElo "2156"]
[PlyCount "72"]
[EventDate "2019.06.24"]
[EventType "swiss"]
[EventRounds "9"]
[EventCountry "ESP"]
[SourceTitle "CBM 191 Extra"]
[Source "ChessBase"]
[SourceDate "2019.09.30"]
[SourceVersion "1"]
[SourceVersionDate "2019.09.30"]
[SourceQuality "1"]

1. e4 e5 2. Nf3 Nc6 3. Bc4 Bc5 4. c3 Nf6 5. d3 a6 6. 0-0 Ba7 7. Nbd2 d6 8. Bb3 0-0 9. h3 Ne7 10. Re1 Ng6 11. Nf1 c6 12. d4 h6 13. Ng3 Re8 14. Qc2 Qc7 15. Be3 Bd7 16. Rad1 b5 17. dxe5 dxe5 18. Bxa7 Rxa7 19. c4 c5 20. Rd2 Nf4 21. Ne2 Nxe2+ 22. Rexe2 Nh5 23. Re1 Nf4 24. Red1 Qc8 25. Nh2 Ne6 26. cxb5 Nd4 27. Qc4 Bxb5 28. Qc3 Ne2+ 29. Rxe2 Bxe2 30. Rd5 Rc7 31. Qe3 Bh5 32. Rd6 Rc6 33. Rd5 Rc7 34. Rd6 c4 35. Ba4 Rd8 36. Rb6 c3 0-1

[Event "Platja d'Aro op-A 7th"]
[Site "Platja d'Aro"]
[Date "2019.06.28"]
[Round "5"]
[White "Tejes, Suresh Kumar"]
[Black "Vidal Zamora, Alex"]
[Result "0-1"]
[WhiteElo "1555"]
[BlackElo "2423"]
[PlyCount "48"]
[EventDate "2019.06.24"]
[EventType "swiss"]
[EventRounds "9"]
[EventCountry "ESP"]
[SourceTitle "CBM 191 Extra"]
[Source "ChessBase"]
[SourceDate "2019.09.30"]
[SourceVersion "1"]
[SourceVersionDate "2019.09.30"]
[SourceQuality "1"]

1. e4 g6 2. d4 Bg7 3. Nc3 d6 4. h3 Nd7 5. Nf3 a6 6. a4 e5 7. Be3 exd4 8. Bxd4 Ngf6 9. Be2 0-0 10. e5 dxe5 11. Nxe5 Nxe5 12. Bxe5 Qe7 13. f4 Rd8 14. Qb1 Nd5 15. Nxd5 Qh4+ 16. Kf1 Bxe5 17. c4 Rxd5 18. cxd5 Qxf4+ 19. Bf3 Bf5 20. Qc1 Bd3+ 21. Ke1 Qb4+ 22. Qd2 Bg3+ 23. Kd1 Qb3+ 24. Kc1 Bf4 0-1

[Event "Mumbai Wealth op U13 4th"]
[Site "Mumbai"]
[Date "2019.01.07"]
[Round "9"]
[White "Raghu Ram, Reddy Seelam"]
[Black "Tejes, Suresh Kumar"]
[Result "0-1"]
[WhiteElo "1472"]
[BlackElo "1586"]
[PlyCount "90"]
[EventDate "2018.12.30"]
[EventType "swiss"]
[EventRounds "9"]
[EventCountry "IND"]
[SourceTitle "CBM 188 Extra"]
[Source "ChessBase"]
[SourceDate "2019.02.28"]
[SourceVersion "1"]
[SourceVersionDate "2019.02.28"]
[SourceQuality "1"]

1. e4 e5 2. Nf3 Nc6 3. Bc4 Bc5 4. c3 Nf6 5. d3 0-0 6. 0-0 d5 7. exd5 Nxd5 8. Re1 Bg4 9. h3 Bh5 10. Nbd2 Nb6 11. Qe2 Nxc4 12. Nxc4 Re8 13. b4 Bf8 14. Ne3 f6 15. Rd1 Qd7 16. Bb2 Rad8 17. Nf1 Bg6 18. Ne1 Qf7 19. Ng3 Rd7 20. a3 Nd8 21. Rd2 Ne6 22. Rad1 Nf4 23. Qe3 a5 24. Ne2 Nd5 25. Qa7 axb4 26. axb4 b6 27. Qa3 f5 28. Qb3 b5 29. Qc2 c6 30. Qc1 e4 31. Ng3 e3 32. Re2 f4 33. Nf1 Bh5 34. f3 Ne7 35. Nc2 Nf5 36. Nd4 Nh4 37. Nh2 Qg6 38. Kh1 Nf5 39. Nxf5 Qxf5 40. d4 Bf7 41. Qb1 Qg5 42. Bc1 Bc4 43. Ree1 h5 44. Qb2 e2 45. Rd2 Qg3 0-1

[Event "Mumbai Wealth op U13 4th"]
[Site "Mumbai"]
[Date "2019.01.05"]
[Round "7"]
[White "Tejes, Suresh Kumar"]
[Black "Adreeja, Sinha"]
[Result "1-0"]
[WhiteElo "1586"]
[BlackElo "1366"]
[PlyCount "79"]
[EventDate "2018.12.30"]
[EventType "swiss"]
[EventRounds "9"]
[EventCountry "IND"]
[SourceTitle "CBM 188 Extra"]
[Source "ChessBase"]
[SourceDate "2019.02.28"]
[SourceVersion "1"]
[SourceVersionDate "2019.02.28"]
[SourceQuality "1"]

1. e4 c5 2. Nf3 d6 3. Bb5+ Bd7 4. Bxd7+ Qxd7 5. c4 Nf6 6. Nc3 g6 7. d4 cxd4 8. Nxd4 Bg7 9. f3 Nc6 10. Be3 0-0 11. 0-0 Rac8 12. b3 Qc7 13. Qd2 a6 14. Rac1 Qb8 15. Nxc6 Rxc6 16. Kh1 b5 17. cxb5 axb5 18. Nd5 Rxc1 19. Nxe7+ Kh8 20. Rxc1 Re8 21. Nc6 Qc7 22. Bf4 Rc8 23. Bxd6 Qd7 24. Ne5 Qb7 25. Nxf7+ Kg8 26. Ne5 Rd8 27. Qb4 Ne8 28. Be7 Ra8 29. Qc5 Bxe5 30. Qxe5 Rxa2 31. Bc5 Qc8 32. Qd5+ Kg7 33. Bd4+ Nf6 34. Rxc8 Re2 35. Bxf6+ Kxf6 36. Rc6+ Kg7 37. Qe5+ Kh6 38. Qf4+ Kh5 39. g4+ Kh4 40. Qh6# 1-0

[Event "Mumbai Wealth op U13 4th"]
[Site "Mumbai"]
[Date "2019.01.04"]
[Round "6"]
[White "Divya, Deshmukh"]
[Black "Tejes, Suresh Kumar"]
[Result "1-0"]
[WhiteElo "2190"]
[BlackElo "1586"]
[PlyCount "51"]
[EventDate "2018.12.30"]
[EventType "swiss"]
[EventRounds "9"]
[EventCountry "IND"]
[SourceTitle "CBM 188 Extra"]
[Source "ChessBase"]
[SourceDate "2019.02.28"]
[SourceVersion "1"]
[SourceVersionDate "2019.02.28"]
[SourceQuality "1"]

1. e4 e5 2. Nc3 Nf6 3. Bc4 Bc5 4. d3 c6 5. Bb3 d6 6. Bg5 Nbd7 7. Qd2 Nf8 8. Nge2 Ng6 9. Ng3 h6 10. Bxf6 gxf6 11. 0-0-0 Nf4 12. Nce2 Nxg2 13. d4 Bb6 14. dxe5 dxe5 15. Qc3 Qe7 16. Qf3 Nh4 17. Qh5 Ng6 18. Nf5 Bxf5 19. exf5 Nf8 20. Ng3 Nd7 21. Ne4 Bc7 22. Bxf7+ Kf8 23. Be6 Nb6 24. Rhg1 Bd8 25. Qxh6+ Rxh6 26. Rg8# 1-0

[Event "Mumbai Wealth op U13 4th"]
[Site "Mumbai"]
[Date "2019.01.03"]
[Round "5"]
[White "Ghadge, Harsh"]
[Black "Tejes, Suresh Kumar"]
[Result "0-1"]
[WhiteElo "1265"]
[BlackElo "1586"]
[PlyCount "48"]
[EventDate "2018.12.30"]
[EventType "swiss"]
[EventRounds "9"]
[EventCountry "IND"]
[SourceTitle "CBM 188 Extra"]
[Source "ChessBase"]
[SourceDate "2019.02.28"]
[SourceVersion "1"]
[SourceVersionDate "2019.02.28"]
[SourceQuality "1"]

1. d4 d5 2. c4 e6 3. Nc3 Nf6 4. Bg5 Be7 5. Nf3 0-0 6. e3 h6 7. Bh4 Ne4 8. Bxe7 Qxe7 9. cxd5 Nxc3 10. bxc3 exd5 11. Qb3 Rd8 12. c4 Be6 13. Qxb7 dxc4 14. Qxa8 Qa3 15. Rb1 Bf5 16. Qb7 c3 17. Ra1 c2 18. Kd2 Qa5+ 19. Kc1 Nd7 20. e4 Rb8 21. Qc6 Bxe4 22. Qxe4 Qc3 23. Qe1 Qb2+ 24. Kd2 c1Q+ 0-1

[Event "Mumbai Wealth op U13 4th"]
[Site "Mumbai"]
[Date "2018.12.30"]
[Round "1"]
[White "Bhosale, Saarth"]
[Black "Tejes, Suresh Kumar"]
[Result "0-1"]
[WhiteElo "1066"]
[BlackElo "1586"]
[PlyCount "62"]
[EventDate "2018.12.30"]
[EventType "swiss"]
[EventRounds "9"]
[EventCountry "IND"]
[SourceTitle "CBM 188 Extra"]
[Source "ChessBase"]
[SourceDate "2019.02.28"]
[SourceVersion "1"]
[SourceVersionDate "2019.02.28"]
[SourceQuality "1"]

1. e4 e5 2. Nf3 Nc6 3. d4 exd4 4. Bc4 Bc5 5. c3 Nf6 6. e5 d5 7. Bb5 Ne4 8. cxd4 Bb6 9. Nbd2 Bg4 10. Qc2 Nxd2 11. Bxd2 Qd7 12. Be3 0-0 13. Qa4 f6 14. Rc1 Bxf3 15. gxf3 fxe5 16. dxe5 Bxe3 17. fxe3 Rxf3 18. Bxc6 bxc6 19. Qxc6 Qxc6 20. Rc2 Qc5 21. Rxc5 Rxe3+ 22. Kd2 Rxe5 23. Rxc7 Rh5 24. Kd3 a5 25. Rc5 a4 26. Kd4 Rd8 27. Ra5 Rb8 28. Rb1 Rxh2 29. Rxd5 Rd2+ 30. Kc4 Rc8+ 31. Rc5 Rc2+ 0-1